000 00423nam a22001697a 4500
005 20260311150339.0
008 260311b |||||||| |||| 00| 0 eng d
020 _a978-81-317-6139-7
041 _aeng
082 _a658.80072 KUM-C
100 _aKUMAR, S RAMESH
_91395
245 _aCASE STUDY IN MARKETING MANAGEMENT
260 _aUTTAR PRADESH
_bPEARSON
_c2011
300 _a378;P
650 _aMANAGEMENT
942 _cBK
999 _c9081
_d9079